00347nam a2200133Ia 4500008004100000020001800041041001200059082002300071100002400094245003900118250001200157260003600169300000800205231217s9999 xx 000 0 und d a81-7625-393-6 aEnglish a372.6521 SHA;1 R aSharma, Tara chand. 0aModern methods of teaching english a1st ed. c2003bSorup and SonsaNew Delhi a158